Catálogo público

Almacenamiento y conservación de granos y semillas / (Record no. 172357)

MARC details
000 -CABECERA
campo de control de longitud fija 00957nam a2200313Ia 4500
001 - NÚMERO DE CONTROL
campo de control dia_1819
003 - IDENTIFICADOR DEL NÚMERO DE CONTROL
campo de control CHAP
005 - FECHA Y HORA DE LA ÚLTIMA TRANSACCIÓN
campo de control 20230327100033.0
008 - DATOS DE LONGITUD FIJA--INFORMACIÓN GENERAL
campo de control de longitud fija 220117s1966 xx 000 0 und d
010 ## - NÚMERO DE CONTROL DE LA BIBLIOTECA DEL CONGRESO
Número de control de LC 172357
040 ## - FUENTE DE LA CATALOGACIÓN
Centro/agencia transcriptor CHAP
082 ## - NÚMERO DE LA CLASIFICACIÓN DECIMAL DEWEY
Número de clasificación 631.521 R36 1966
100 ## - ENTRADA PRINCIPAL--NOMBRE DE PERSONA
Nombre de persona Ramírez Genel, Marcos
9 (RLIN) 94023
245 ## - MENCIÓN DE TÍTULO
Título Almacenamiento y conservación de granos y semillas /
Mención de responsabilidad, etc. Marcos Ramírez Genel
260 ## - PUBLICACIÓN, DISTRIBUCIÓN, ETC.
Lugar de publicación, distribución, etc. México :
Nombre del editor, distribuidor, etc. CECSA,
Fecha de publicación, distribución, etc. 1966
300 ## - DESCRIPCIÓN FÍSICA
Extensión 300 p.
500 ## - NOTA GENERAL
Nota general El ej. 3 es material fotocopiado
503 ## - NOTA DE HISTORIA BIBLIOGRÁFICA (BK CF MU) [OBSOLETO]
Nota de historia bibliográfica D. (ej. 1) \ C/e (ej. 2)
504 ## - NOTA DE BIBLIOGRAFÍA, ETC.
Nota de bibliografía, etc. Incluye bibliografías
590 ## - NOTA LOCAL (RLIN)
Nota local SB190 R36 1966
650 ## - PUNTO DE ACCESO ADICIONAL DE MATERIA--TÉRMINO DE MATERIA
Término de materia o nombre geográfico como elemento de entrada Almacenamiento de semillas /
9 (RLIN) 148154
650 ## - PUNTO DE ACCESO ADICIONAL DE MATERIA--TÉRMINO DE MATERIA
Término de materia o nombre geográfico como elemento de entrada Cereales
Subdivisión general Almacenamiento
9 (RLIN) 21373
650 ## - PUNTO DE ACCESO ADICIONAL DE MATERIA--TÉRMINO DE MATERIA
Término de materia o nombre geográfico como elemento de entrada Cereals
Subdivisión general Storage
9 (RLIN) 151628
650 ## - PUNTO DE ACCESO ADICIONAL DE MATERIA--TÉRMINO DE MATERIA
Término de materia o nombre geográfico como elemento de entrada Seed storage
9 (RLIN) 148158
901 ## - ELEMENTOS DE DATOS A LOCAL LDA (RLIN)
a 631.521 R36 1966
902 ## - ELEMENTOS DE DATOS B LOCAL, LDB (RLIN)
a M
905 ## - ELEMENTOS DE DATOS E LOCAL, LDE (RLIN)
a 5232271966 mx aimn8222223322spa16
942 ## - ELEMENTOS DE PUNTO DE ACCESO ADICIONAL (KOHA)
Tipo de ítem Koha Libro
Fuente del sistema de clasificación o colocación Dewey Decimal Classification
Holdings
Estado de retiro Estado de pérdida Fuente del sistema de clasificación o colocación Estado dañado Restricciones de uso No para préstamo Código de colección Localización permanente Ubicación/localización actual Fecha de adquisición Fuente de adquisición Total de préstamos Signatura topográfica completa Código de barras Fecha visto por última vez Número de copia Tipo de ítem Koha Fecha del último préstamo Coste, precio normal de compra Número de inventario Información codificada de la localización en otra ubicación Precio válido a partir de
    Dewey Decimal Classification   Préstamo 5 días   General Ingenieria Agroindustrial Ingenieria Agroindustrial 29/12/1978 Compra Patena F. 65209/15 / Vale 10944 (29-12-78)   631.521 R36 1966 dia_008619 18/01/2022 Ej. 4 Libro          
    Dewey Decimal Classification   Préstamo 5 días   General Ingenieria Agroindustrial Ingenieria Agroindustrial 29/12/1978 Compra Patena F. 65209/15 / Vale 10944 (29-12-78) 1 631.521 R36 1966 dia_001223 14/10/2025 Ej. 3 Libro 14/10/2025        
    Dewey Decimal Classification   Préstamo 5 días   General Ingenieria Agroindustrial Ingenieria Agroindustrial 18/01/2022 Compra Librería Patena F. 4980 / R. (27/04/1990)   631.521 R36 1966 dia_001224 18/01/2022 2 Libro   19400.00 C/e    
    Dewey Decimal Classification       General Ingenieria Agroindustrial Ingenieria Agroindustrial 18/01/2022     631.521 R36 1966 dia_003239 18/01/2022 1 Libro       1 18/01/2022